000 00581nam a22001937a 4500
005 20221108144303.0
008 221108b ||||| |||| 00| 0 eng d
040 _cAL
041 _aEnglish
082 _223
_a301.36
_bMUTS
100 _aMartyr Murtada Mutahhari
_961372
245 _aSociety and History
260 _aTehran
_bThe Council For Ten Day Dawn Celebrations
_c1985
300 _aviii,159 p.
_bPB
_c21x14 cm.
650 _aSocial sciences and history
_961373
700 _aMUTAHHARI (Martyr Murtada)
_961374
700 _aQARAI (Mahliqa) Tr
_961375
942 _2ddc
_cGF
999 _c225068
_d225068